000 00465nam a2200169Ia 4500
003 IN-BaIIA
008 211028s9999 xx 000 0 eng d
040 _cIIA Library
080 _a530.1
_bASI-2
100 _aAsimov, Isaac
_96002
245 0 _aUnderstanding physics
_bvol. 2, light, magnetism and electricity
_cIsaac Asimov
260 _aLondon
_bGeorge Allen & Unwin
_c1966
300 _a251p.
650 _aNASA thesaurus
650 _aPhysics
_973
942 _cBK
999 _c3384
_d3384